=LDR 00000nam 2200000 4500 =001 INLIS000000000012467 =005 20230202015506 =035 ##$$a 0010-061300000012467 =008 230202###########################0###### =041 ##$$a Ind =082 ##$$a 439.31 =090 ##$$a 439.31, Bou b =100 ##$$a Aditirto =245 1#$$a Buku bacaan bahasa belanda jilid I : $b untuk tingkat elementer dan dasar /$c J. Aditirto, H.J. Boukema, PA Stelder =260 ##$$a Jakarta :$b Ichtiar Baru - Van Hoeve,$c 1982 =300 ##$$a viii, 175 hlm. ; $c 23,5 cm =650 #4$$a Bahasa Belanda =850 ##$$a NBPNMAT =084 ##$$a 439.31 ADI b =250 ##$$a Jilid I =700 #$$a Boukema =700 #$$a Stelder =990 ##$$a 00031193 =990 ##$$a 00055744